| 000 | 00436nam a22001457a 4500 | ||
|---|---|---|---|
| 005 | 20171219133314.0 | ||
| 008 | 171219b xxu||||| |||| 00| 0 eng d | ||
| 040 | _cPK-LaUMT | ||
| 082 |
_aPKAC 297 _bHAM-I |
||
| 100 | _aHamidullah , Muhammad | ||
| 245 |
_aIntroduction to Islam/ _c Muhammad Hamidullah |
||
| 260 |
_aSalimiah: Kuwait _bInternational Islamic federation of student organization, _c1977 |
||
| 300 | _a259 p. | ||
| 942 | _cBK | ||
| 999 |
_c100883 _d100883 |
||